000 00830nam a2200241 a 4500
001 000027511
003 DO-SdBNP
005 20211108091745.0
007 ta
008 110401s1974 dr ab 000 0 spa d
040 _aDO-SdBNP
_bspa
_cBNPHU
049 _aBNPD
082 4 _222
100 1 _aDidiez Burgos, Ramón J.
_954594
245 1 0 _aAnálisis del diario de Colón guanahaní y mayaguaín :
_blas primeras isletas descubiertas en el Nuevo Mundo /
_cRamón J. Didiez
260 _aSanto Domingo :
_bArchivo General de la Nación,
_c1974.
300 _a424, [13] p. :
_bil., mapas ;
_c27 cm.
490 1 _aBiblioteca dominicana de geografía y viajes
_v6
504 _aBibliografía : p. 436
590 _aInventariado, 2021/BT
830 0 _aBiblioteca dominicana de geografía y viajes
_v6
_938642
942 _2ddc
_cLBS1
999 _c27003
_d27003